000 00961 a2200229 4500
001 30172
005 20260407155613.0
008 260407a1987 arg spa d
003 AR-UNSa-BCEJYS
040 _aAR-UNSa-BCEJYS
_bspa
_cAR-UNSa-BCEJYS
080 _a336.5
_xGasto público. Gastos del estado
245 1 0 _aEl fracaso del estatismo
_puna propuesta para la reforma del sector público argentino
020 _a950-37-0287-9
264 1 _aBuenos Aires :
_bSudamericana/Planeta
_c1987
300 _a655 p.
_c22 cm.
505 _a1. Administración Pública - 2. Educación, salud y seguridad social - 3. Empresas del estado - 4. Actividad regulatoria del estado
041 _aspa
942 _cBK
590 _aniveau_biblio:m niveau_hierar:0
100 1 _aFundación de Investigaciones Económicas Latinoamericanas (FIEL)
856 4 1 _uhttps://biblioeco.unsa.edu.ar/pmb/images/libros/El Fracaso del Estatismo-l45957.jpg
_yImagen de portada
_qimage/jpeg
999 _c2040
_d2040